000 00551nam a2200181 4500
001 121173
003 ES-MaACL
007 t|
008 070214s1982 sp r ||||1| spa d
100 1 _aPons Vallés, Miguel.
_993032
245 1 0 _aEstudios espectroscópicos de fosfolípidos polimerizables /
_cMiguel Pons Vallés.
260 _aMadrid :
_bFundación Juan March,
_c1982.
300 _a53 p. ;
_c21 cm.
490 1 _aSerie universitaria
830 0 _aSerie universitaria
_9180747
852 _aES-MaACL
_jL-3915
_bR.103409
999 _c121173
_d121173